000 00416nam a2200169 a 4500
001 9154
005 20180713193128.0
008 140415s1992 sp 000 0 spa d
041 _aspa
082 _a769.5
_bCOA
100 1 _aCOAD, EMMA DENT
245 1 0 _aJAVIER MARISCAL DISEÑADOR
250 _a1a ed.
260 _aESPAÑA :
_bGUSTAVO GILI,
_c1992
300 _a112
650 1 4 _aAUTOBIOGRAFIA
999 _c9154
_d9154